000 01228cam a22003014a 4500
001 14378324
005 20241114133944.0
008 060516s2007 njua 001 0 eng
020 _a0132397757
020 _a9780132397759
050 0 0 _aQA76.64
_b.D36 2007
082 0 0 _a005.1/17
_222
100 1 _aDann, Wanda P.
245 1 0 _aLearning to program with Alice /
_cWanda P. Dann, Stephen Cooper, Randy Pausch.
250 _aBrief ed.
260 _aUpper Saddle River, NJ :
_bPearson/Prentice Hall,
_cc2007.
300 _axv, 135 p. :
_bill. (chiefly col.) ;
_c26 cm. +
_e1 CD-ROM (4 3/4 in.)
500 _aIncludes index.
650 0 _aAlice (Computer program language)
650 0 _aObject-oriented programming (Computer science)
_xComputer-assisted instruction
_xComputer programs.
650 0 _aObject-oriented programming (Computer science)
_xStudy and teaching (Middle school)
_xComputer programs.
650 0 _aComputer animation
_xComputer programs.
650 0 _aThree-dimensional display systems
_xComputer programs.
700 1 _aCooper, Stephen
_q(Stephen Charles)
700 1 _aPausch, Randy.
856 4 1 _3Table of contents only
_uhttp://www.loc.gov/catdir/toc/fy0705/2006047477.html
942 _2lcc
_cBK
_n0
999 _c1197
_d1197